| 000 | 00488nam a2200205Ia 4500 | ||
|---|---|---|---|
| 003 | OSt | ||
| 005 | 20220928151946.0 | ||
| 006 | a|||||r|||| 00| 0 | ||
| 007 | ta | ||
| 008 | 220927b |||||||| |||| 00| 0 eng d | ||
| 024 | _a132459 | ||
| 037 | _cAnnuals, Advances | ||
| 040 |
_aSDCL _cSDCL _beng |
||
| 041 |
_2eng _aeng |
||
| 082 | _aR66x8,1, L4 | ||
| 245 | 0 | _aTatavpradipika | |
| 260 | _c1974 | ||
| 942 |
_hR66x8,1, L4 _cREF _2CC |
||
| 999 |
_c853502 _d853502 |
||